000
00282nam a2200109Ia 4500
008
220204s9999 xx 000 0 und d
082
_a
621.38
_b
THO
100
_a
Thomson, Charles M
245
0
_a
Fundamentals of electronics
260
_a
New Jersey
_b
Prentice hall
_c
1979
942
_c
BK
999
_c
31982
_d
31982